Lâ havle (Record no. 257)
[ view plain ]
| 000 -BAŞLIK | |
|---|---|
| Sabit Uzunlukta Kontrol Alanı | 00640na a2200241 4500 |
| 001 - KONTROL NUMARASI | |
| Denetim Alanı | 12698 |
| 003 - KONTROL NUMARASI IDENTIFIER | |
| Denetim Alanı | MIRAKIL |
| 005 - SON İŞLEM TARİHİ VE ZAMANI | |
| Denetim Alanı | 20181213154741.0 |
| 008 - SABİT-BOY VERİ ELEMANLARI - GENEL BİLGİLER | |
| Sabit Uzunlukta Kontrol Alanı | 160812b tu 000 0 |
| 020 ## - ULUSLARARASI STANDART KİTAP NUMARASI | |
| Uluslararası Standart Kitap Numarası | 9786051211473 |
| 040 ## - KATALOGLAMA KAYNAK | |
| Orijinal Kataloglama Ajansı | Milas |
| Kataloglama Dili | tur |
| Metne Dönüştürmek Ajansı | TR-AnCHP |
| 082 ## - DEWEY ONLU SINIFLANDIRMA NUMARASI | |
| Sınıflandırma Numarası | 819 |
| Ürün Numarası | Ş33h 2012 |
| 090 ## - SINIFLAMA NUMARASI | |
| Sınıflama Numarası | 819 Ş33h 2012 |
| 100 ## - ANA GİRİŞ - KİŞİSEL İSİM | |
| Kişisel Ad | Şehsuvaroğlu, Lütfü |
| 245 ## - BAŞLIK TABLOSU | |
| Başlık | Lâ havle |
| Başlığın Kalan | lütfî divânı |
| Sorumluluk Tablosu, Vb | Lütfü Şehsuvaroğlu |
| 246 ## - UNVAN FORM VARYING | |
| Başlık Doğru / Kısa Başlığı | Lütfi divan |
| 246 ## - UNVAN FORM VARYING | |
| Başlık Doğru / Kısa Başlığı | La havle : lütfi divanı |
| 260 ## - YAYIN, DAĞITIM, VB | |
| Yayın, Dağıtım, Vb Yeri | Ankara |
| Yayıncı, Dağıtıcı, Vs Adı | Elips Kitap |
| Yayın, Dağıtım, Vb Tarihi | 2012 |
| 300 ## - FİZİKSEL TANIM | |
| Kapsam | 357 s. |
| Boyutlar | 22 sm. |
| 490 ## - SERİSİ TABLOSU | |
| Seri Beyanı | Elips Kitap |
| Hacim / Ardışık Tanımı | 492 |
| 650 ## - KONU KATMA GİRİŞ - TOPİKAL DÖNEM | |
| Topikal Süreli Veya Coğrafi Ad Giriş Elemanı | Divan şiiri |
| 942 ## - EKLENDİ GİRİŞ ELEMANLARI (KOHA) | |
| Sınıflandırma Veya Raf Düzeni Kaynak | Dewey Decimal Classification |
| Koha Öğesi Türü | Books |
| 999 ## - SİSTEM KONTROL NUMARALARI (KOHA) | |
| Koha Biblionumber | 257 |
| Koha Biblioitemnumber | 257 |
| Kalıcı Konum | Mevcut Konum | Edinme Tarihi | Edinim Kaynak | Toplam Check-Out'Lar | Tam Çağrı Numarası | Barkod | Tarih Son Görülme | İtibaren Geçerli Fiyatlar | Koha Öğesi Türü |
|---|---|---|---|---|---|---|---|---|---|
| CHP Kütüphanesi | CHP Kütüphanesi | 07/31/2016 | Bağış | 819 Ş33h 2012 | 000419 | 07/31/2016 | 07/31/2016 | Books |
